[Event "Guillermo Garcia Premier 2"]
[Site "Santa Clara CUB"]
[Date "2017.05.17"]
[Round "2.3"]
[White "Galvez Dastin,E"]
[Black "Picado,J"]
[Result "1-0"]
[WhiteElo "2224"]
[BlackElo "2124"]

1.d4 e6 2.c4 f5 3.Nf3 Nf6 4.Nc3 d5 5.Bf4 c6 6.e3 Bd6 7.Qc2 O-O 8.Bd3 Ne4
9.Bxd6 Qxd6 10.g4 fxg4 11.Bxe4 dxe4 12.Ne5 Nd7 13.Qxe4 Nf6 14.Qg2 c5 15.Ne4
Nxe4 16.Qxe4 Rb8 17.Rg1 b5 18.O-O-O cxd4 19.Rxg4 Rf5 20.Rxd4 Qxe5 21.Rd8+ Kf7
22.Qc6 Qc5 23.Qe8+ Kf6 24.Qg8 Qc7 25.Qxh7 Ke5 26.Rdd4 Qf7 27.Rxg7 Qh5 28.Qg8
Qf3 29.Rg6 Qh1+ 30.Rg1 {#r} 1-0

[Event "Guillermo Garcia Premier 2"]
[Site "Santa Clara CUB"]
[Date "2017.05.17"]
[Round "2.4"]
[White "Quesada Perez,Luis Ernesto"]
[Black "Fernandez De La Vara,Arnaldo"]
[Result "1-0"]
[WhiteElo "2402"]
[BlackElo "2407"]

1.d4 Nf6 2.c4 e6 3.Nc3 Bb4 4.f3 d5 5.a3 Bxc3+ 6.bxc3 O-O 7.cxd5 Nxd5 8.e4 Nxc3
9.Qb3 Nxe4 10.fxe4 Qxd4 11.Qb1 Rd8 12.Nf3 Qd6 13.Bg5 Rd7 14.Bb5 c6 15.e5 Qc7
16.Be2 c5 17.Qe4 h6 18.Bf6 gxf6 19.exf6 Rd5 20.Qg4+ Kf8 21.Qg7+ Ke8 22.Bb5+
Nc6 23.Qg8+ Kd7 24.Qxf7+ Kd6 25.Qf8+ Ne7 26.Bc4 b5 27.Bxd5 exd5 28.O-O Bb7
29.fxe7 Qxe7 30.Qf4+ Kc6 31.Rae1 Qd6 32.Qf7 {#r} 1-0

[Event "Guillermo Garcia Premier 2"]
[Site "Santa Clara CUB"]
[Date "2017.05.17"]
[Round "2.5"]
[White "Gil Alba,H"]
[Black "Borges Feria,Y"]
[Result "0-1"]
[WhiteElo "2343"]
[BlackElo "2418"]

1.d4 Nf6 2.Nf3 e6 3.g3 b5 4.Bg2 Bb7 5.O-O c5 6.c3 cxd4 7.cxd4 Be7 8.Nbd2 O-O
9.b3 d6 10.Bb2 Nbd7 11.Re1 d5 12.Ne5 Qb6 13.a3 a5 14.e3 b4 15.a4 Rac8 16.Rc1
h6 17.Bf1 Ba6 18.Bxa6 Qxa6 19.Ndf3 Nb8 20.Qd3 Qxd3 21.Nxd3 Ne4 22.Nde5 Bd6
23.Kg2 Rfe8 24.Nd3 Nd7 25.Red1 g5 26.h3 f5 27.Nfe5 Bxe5 28.Nxe5 Nxe5 29.dxe5
Nc5 {#R} 0-1

[Event "Guillermo Garcia Premier 2"]
[Site "Santa Clara CUB"]
[Date "2017.05.18"]
[Round "3.2"]
[White "Fernandez De La Vara,Arnaldo"]
[Black "Gil Alba,H"]
[Result "1-0"]
[WhiteElo "2407"]
[BlackElo "2343"]

1.Nf3 Nf6 2.g3 g6 3.Bg2 Bg7 4.d4 d6 5.O-O O-O 6.c4 Nc6 7.Nc3 Bg4 8.d5 Na5 9.b3
c5 10.Bd2 a6 11.a4 e5 12.Qc2 b6 13.e4 Qc8 14.Ne1 Nh5 15.Nd3 Bh3 16.Rae1 Nb7
17.f3 Bxg2 18.Kxg2 Nf6 19.f4 Nd7 20.f5 f6 21.h4 Qe8 22.Nf2 gxf5 23.exf5 Kf7
24.Nh3 Ke7 25.Nf4 Rg8 26.Kh3 Bh6 27.Ne6 Qh5 28.Re4 Bg7 29.g4 Qf7 30.Ree1 Bh8
31.Ne2 a5 32.Ng3 Rac8 33.Rg1 Ra8 34.g5 Rac8 35.Qe4 Nf8 36.Rg2 Kd7 37.Reg1 Re8
38.Qg4 Kc8 39.Qh5 Qd7 40.gxf6 Bxf6 41.Ne4 Rxg2 42.Nxf6 Rxg1 43.Nxd7 {#r} 1-0

[Event "Guillermo Garcia Premier 2"]
[Site "Santa Clara CUB"]
[Date "2017.05.18"]
[Round "3.3"]
[White "Picado,J"]
[Black "Quesada Perez,Luis Ernesto"]
[Result "1-0"]
[WhiteElo "2124"]
[BlackElo "2402"]

1.e4 c5 2.c4 Nc6 3.Ne2 g6 4.d4 cxd4 5.Nxd4 Bg7 6.Be3 Nf6 7.Nc3 O-O 8.Be2 b6
9.Qd2 Bb7 10.f3 Rc8 11.O-O Ne8 12.Rfd1 Nd6 13.Ndb5 Nxb5 14.cxb5 Ne5 15.Bd4 d6
16.Rac1 f5 17.f4 Nf7 18.Bxg7 Kxg7 19.exf5 gxf5 20.Qd4+ e5 21.fxe5 dxe5 22.Qd7
Qxd7 23.Rxd7 Rb8 24.Bc4 Kg6 25.Rcd1 f4 26.Nd5 f3 27.Ne7+ Kh5 28.Nc6 Ng5
29.Nxb8 Be4 30.Bd5 {#r} 1-0

[Event "Guillermo Garcia Premier 2"]
[Site "Santa Clara CUB"]
[Date "2017.05.18"]
[Round "3.4"]
[White "Garcia Carey,O"]
[Black "Galvez Dastin,E"]
[Result "1-0"]
[WhiteElo "2363"]
[BlackElo "2224"]

1.e4 c6 2.d3 d5 3.Nd2 e5 4.Ngf3 Bd6 5.g3 Nf6 6.Bg2 O-O 7.O-O Re8 8.Re1 a5 9.h3
Na6 10.Nh4 Nc5 11.Nf1 dxe4 12.dxe4 Ne6 13.c3 Qc7 14.Nf5 Bc5 15.Qf3 b6 16.Nxg7
Nxg7 17.Qxf6 Re6 18.Qf3 Qe7 19.Be3 Rf6 20.Bxc5 bxc5 21.Qe3 Rb8 22.Re2 a4
23.Rd2 Be6 24.Nh2 Rg6 25.Nf3 f6 26.Kh2 Ne8 27.Nh4 Rg5 28.Rad1 Bxa2 29.Nf5 Qf8
30.h4 Rg6 31.Rd7 Kh8 32.Ne7 Rxb2 33.Nxg6+ hxg6 34.Ra7 Kg8 35.Rd8 {#r} 1-0

[Event "Guillermo Garcia Premier 2"]
[Site "Santa Clara CUB"]
[Date "2017.05.19"]
[Round "4.1"]
[White "Pazos Gambarrotti,P"]
[Black "Quesada Vera,L"]
[Result "0-1"]
[WhiteElo "2244"]
[BlackElo "2423"]

1.d4 Nf6 2.Nf3 d6 3.g3 Nbd7 4.b3 c5 5.c4 g6 6.Bb2 Bg7 7.Bg2 Qa5+ 8.Bc3 Qc7
9.Bb2 Qa5+ 10.Bc3 Qc7 11.Bb2 O-O 12.O-O cxd4 13.Nxd4 Nc5 14.Nc3 Bd7 15.Qd2 a5
16.Rac1 Qb6 17.Nc2 Bc6 18.Ne3 a4 19.bxa4 Nxa4 20.Nxa4 Rxa4 21.Bxf6 Bxf6 22.Nd5
Bxd5 23.Bxd5 Qa7 24.Rc2 Rc8 25.Rb1 Rc7 26.e3 b6 27.Qe2 Qa6 28.Qf3 Kg7 29.Rcb2
Rxa2 30.Rxb6 Qa5 31.R6b5 Qd2 32.c5 Rc2 33.cxd6 Rc1+ 34.Kg2 Qd3 35.Kh3 Qf1+
36.Qg2 Qd1 37.g4 exd6 38.Rxc1 Qxc1 39.g5 Be5 40.Rb7 Rxb7 41.Bxb7 Qd1 42.Bf3
Qc2 43.Bg4 Qd3 44.Bf3 h6 45.Be4 Qe2 46.Bf3 Qc2 47.Be4 Qe2 48.Bf3 Qe1 49.gxh6+
Kxh6 50.e4 Kg7 51.Kg4 Qc1 52.h4 Qc8+ {#R} 0-1

[Event "Guillermo Garcia Premier 2"]
[Site "Santa Clara CUB"]
[Date "2017.05.19"]
[Round "4.2"]
[White "Galvez Dastin,E"]
[Black "Reyes Najera,C"]
[Result "1-0"]
[WhiteElo "2224"]
[BlackElo "2120"]

1.d4 d5 2.c4 e6 3.Nc3 Nf6 4.Bg5 dxc4 5.e3 a6 6.Bxc4 b5 7.Qf3 Ra7 8.Bb3 Bb7
9.Qh3 Be7 10.Nf3 Nbd7 11.Rd1 Qa8 12.O-O c5 13.d5 exd5 14.e4 d4 15.e5 Bxf3
16.exf6 Bxg2 17.fxg7 Bxh3 18.gxh8=Q+ Nf8 19.Bd5 Qc8 20.Bxe7 Rxe7 21.Rfe1 dxc3
22.Rxe7+ Kxe7 23.Re1+ Be6 24.bxc3 Qd7 25.Bxe6 Nxe6 26.Qxh7 Qd2 27.Re3 Qd1+
28.Kg2 Qg4+ 29.Kf1 Qd1+ 30.Re1 Qf3 31.Qh4+ Ke8 32.Qh8+ Ke7 33.Qe5 c4 34.Re3
Qh1+ 35.Ke2 Qb1 36.Qc7+ Ke8 37.Qc8+ Ke7 38.Qb7+ Kf8 39.Qc8+ Kg7 40.Rg3+ Kf6
41.Qh8+ Ke7 42.Qh4+ Kd7 43.Qf6 Qe4+ 44.Kd2 Qd5+ 45.Kc2 Nc5 46.Re3 Kc7 47.Re7+
Nd7 48.Qxf7 Qxf7 49.Rxf7 {#r} 1-0

[Event "Guillermo Garcia Premier 2"]
[Site "Santa Clara CUB"]
[Date "2017.05.19"]
[Round "4.4"]
[White "Gil Alba,H"]
[Black "Picado,J"]
[Result "1-0"]
[WhiteElo "2343"]
[BlackElo "2124"]

1.e4 c5 2.Nc3 a6 3.g3 Nc6 4.Bg2 g6 5.d3 Bg7 6.Nge2 d6 7.O-O e5 8.Nd5 h6 9.c3
Nge7 10.Nxe7 Qxe7 11.Be3 Bg4 12.f3 Be6 13.d4 exd4 14.cxd4 Bc4 15.dxc5 dxc5
16.Qc2 b5 17.a3 O-O 18.Rfd1 Rfd8 19.Nc3 Nd4 20.Qf2 Nb3 21.Rxd8+ Rxd8 22.Re1 b4
23.axb4 cxb4 24.Na4 Bb5 25.Nb6 a5 26.Nd5 Qb7 27.Qc2 Nd4 28.Qd2 Rxd5 29.exd5
Qxd5 30.Kf2 Ba4 31.f4 Qc4 32.Rc1 Nc2 33.Bd5 Qb5 34.b3 Nxe3 35.Kxe3 Qe8+ 36.Kf2
Bb5 37.Rc7 Bc3 38.Qe3 Bd4 39.Bxf7+ Qxf7 40.Rc8+ Kh7 41.Qxd4 Qg7 42.Qxg7+ Kxg7
43.Rc5 {#r} 1-0

[Event "Guillermo Garcia Premier 2"]
[Site "Santa Clara CUB"]
[Date "2017.05.19"]
[Round "4.5"]
[White "Borges Feria,Y"]
[Black "Fernandez De La Vara,Arnaldo"]
[Result "0-1"]
[WhiteElo "2418"]
[BlackElo "2407"]

1.Nf3 Nf6 2.c4 e6 3.Nc3 c5 4.g3 b6 5.Bg2 Bb7 6.O-O d6 7.b3 Be7 8.Bb2 O-O 9.d4
cxd4 10.Nxd4 Bxg2 11.Kxg2 Qc7 12.Rc1 a6 13.e4 Qb7 14.Qe2 Nbd7 15.Rfd1 Rfe8
16.f3 Bf8 17.Re1 g6 18.Rcd1 Rac8 19.Qd3 Red8 20.Qe2 Be7 21.Rd2 Bf8 22.Rdd1 Rc7
23.Qe3 Rcc8 24.Qe2 Re8 25.Qd3 Ne5 26.Qe2 d5 27.f4 Nc6 28.Nf3 dxc4 29.e5 Nd5
30.Ne4 c3 31.Rxd5 Be7 32.Rdd1 cxb2 33.Nd6 Bxd6 34.exd6 b1=Q {#R} 0-1

[Event "26th Guillermo Garcia Open"]
[Site "Santa Clara CUB"]
[Date "2017.05.16"]
[Round "1.1"]
[White "Roll Renford,Evelio Amaurys"]
[Black "Martinez Ramirez,L"]
[Result "0-1"]
[WhiteElo "2143"]
[BlackElo "2392"]

1.e4 e6 2.d3 d5 3.Nd2 c5 4.g3 Nc6 5.Bg2 Nf6 6.Ngf3 d4 7.O-O Bd6 8.Nc4 Bc7 9.e5
Nd5 10.a4 a6 11.Re1 Rb8 12.Bg5 Qd7 13.a5 h6 14.Bd2 Qd8 15.Qe2 Ndb4 16.Bxb4
Nxb4 17.Qd2 O-O 18.Re4 Qe7 19.Rg4 Kh8 20.h4 Bd7 21.Ng5 Bc6 22.Ne4 Bd5 23.Ned6
Nc6 24.Re1 Bxg2 25.Kxg2 Bxd6 26.exd6 Qd7 27.Rf4 Rbe8 28.Rf6 Kh7 29.Rf4 f5
30.g4 g6 31.g5 e5 32.Rf3 f4 33.Kh2 hxg5 34.hxg5 Kg7 {#R} 0-1

[Event "26th Guillermo Garcia Open"]
[Site "Santa Clara CUB"]
[Date "2017.05.16"]
[Round "1.2"]
[White "Hernandez Gonzalez,W"]
[Black "Rodriguez Dominguez,Melissa"]
[Result "1-0"]
[WhiteElo "2397"]
[BlackElo "2131"]

1.c4 c5 2.Nc3 Nf6 3.g3 d5 4.cxd5 Nxd5 5.Bg2 Nc7 6.d3 Nc6 7.Bxc6+ bxc6 8.Nf3 f6
9.O-O e5 10.Qc2 Bh3 11.Re1 Ne6 12.Be3 Nd4 13.Bxd4 cxd4 14.Ne4 Rc8 15.Nc5 Qd5
16.Rec1 Be7 17.b4 O-O 18.a3 Rb8 19.Qa4 a5 20.Na6 Rb7 21.Qxa5 Qxa5 22.bxa5 Ra8
23.Nb4 Bxb4 24.axb4 Rxb4 25.Nd2 Rb5 26.Nc4 Be6 27.a6 Ra7 28.Nd6 Rb6 29.Ne4 Bc8
30.Nc5 Kf7 31.e3 dxe3 32.fxe3 Ke7 33.Ra4 Kd6 34.d4 Rb5 35.Rc2 Kc7 36.Kf2 Kb6
37.Kf3 exd4 38.exd4 Ra5 39.Rb2+ Rb5 40.Rba2 Rxc5 41.dxc5+ Kxc5 42.Rc2+ Kb5
43.Ra1 Kb6 44.Rac1 Bd7 45.Rb2+ Kc7 46.Rb7+ Rxb7 47.axb7 Kxb7 48.Re1 Kc7 49.Re7
g5 50.g4 Kd6 51.Rxh7 Be6 52.h4 gxh4 53.Kf4 c5 54.Rxh4 c4 55.Rh1 Ke7 56.Ra1 Kd6
57.Ra7 Bd7 58.Ra6+ Ke7 59.Ra2 Be6 60.Ra7+ Kd6 61.Ra5 Ke7 62.g5 fxg5+ 63.Rxg5
Kd6 64.Ke4 Bd7 65.Rd5+ Ke7 66.Ke5 Be6 67.Rd6 Bf7 68.Ra6 Kf8 69.Kf6 c3 70.Ra8+
Be8 71.Rc8 c2 72.Rxc2 Bd7 73.Rb2 {#r} 1-0

[Event "26th Guillermo Garcia Open"]
[Site "Santa Clara CUB"]
[Date "2017.05.16"]
[Round "1.5"]
[White "Gutierrez Espinosa,Karen"]
[Black "Gutierrez Delgado,Y"]
[Result "0-1"]
[WhiteElo "2100"]
[BlackElo "2323"]

1.e4 c5 2.Nf3 d6 3.d4 cxd4 4.Nxd4 Nf6 5.Nc3 e5 6.Nde2 Be7 7.Bg5 O-O 8.Bxf6
Bxf6 9.Nd5 Bg5 10.Nec3 Nc6 11.h4 Bh6 12.Bc4 Be6 13.g3 Kh8 14.O-O Nd4 15.f4 b5
16.Bb3 b4 17.Na4 Nxb3 18.axb3 Bxd5 19.Qxd5 exf4 20.Qh5 fxg3 21.Rf3 Qc8 22.Qf5
Qxc2 23.Rxg3 Rae8 24.Re1 Re5 25.Qf2 Qxf2+ 26.Kxf2 f5 27.Rf3 g6 28.exf5 Rexf5
29.Rxf5 Rxf5+ 30.Kg2 Kg8 31.Re7 Rf7 32.Re6 Bf8 33.Re8 Rb7 34.Kf3 Kf7 35.Rc8
Be7 36.Rc4 Ke6 37.Re4+ Kd7 38.Rf4 Rb5 39.Ke2 h5 40.Kd3 a5 41.Kc4 Rf5 42.Rd4
Kc6 43.Rd3 Rf4+ {#R} 0-1

[Event "26th Guillermo Garcia Open"]
[Site "Santa Clara CUB"]
[Date "2017.05.16"]
[Round "1.6"]
[White "De La Fe Almeida,Enmanuel Jesus"]
[Black "Lopez Montero,Manuel Alejandro"]
[Result "1-0"]
[WhiteElo "2289"]
[BlackElo "2128"]

1.c4 e6 2.Nc3 Nf6 3.e4 c5 4.e5 Ng8 5.Nf3 d6 6.exd6 Bxd6 7.d4 cxd4 8.Nxd4 a6
9.Be2 Nf6 10.O-O O-O 11.Be3 Bd7 12.Bf3 Qc7 13.g3 e5 14.Nb3 Bh3 15.Re1 Bb4
16.Bd2 Rd8 17.Qe2 Nbd7 18.a3 Bf8 19.Bg5 Re8 20.Nd2 Rab8 21.b4 h6 22.Bxf6 Nxf6
23.Nde4 Nxe4 24.Bxe4 Be6 25.Bd5 Rbc8 26.Rac1 f5 27.Bxe6+ Rxe6 28.Nd5 Qf7 29.c5
Rec6 30.Rcd1 Rd8 31.Nb6 Rxd1 32.Rxd1 a5 33.Rd7 Qb3 34.Qc4+ Qxc4 35.Nxc4 axb4
36.axb4 Bxc5 37.bxc5 Rxc5 38.Ne3 b5 {#r} 1-0

[Event "26th Guillermo Garcia Open"]
[Site "Santa Clara CUB"]
[Date "2017.05.16"]
[Round "1.7"]
[White "Perez Marimon,Jorge De Jesus"]
[Black "Rodriguez Turino,L"]
[Result "0-1"]
[WhiteElo "2090"]
[BlackElo "2299"]

1.e4 c5 2.Nf3 e6 3.d4 cxd4 4.Nxd4 Nc6 5.Nc3 a6 6.Be3 Qc7 7.Qf3 b5 8.O-O-O Bb7
9.Nxc6 Qxc6 10.Bd3 Nf6 11.e5 b4 12.Qxc6 Bxc6 13.Ne2 Nd5 14.Bd4 Be7 15.f3 O-O
16.Be4 a5 17.c4 bxc3 18.Nxc3 a4 19.Nxd5 exd5 20.Bd3 d6 21.Rhe1 dxe5 22.Bxe5
Bc5 23.Kb1 Bb6 24.Rc1 Bd7 25.Bc7 Ba7 26.Re7 Be6 27.Be5 Rfe8 28.Rxe8+ Rxe8
29.Bb5 Bf5+ {#R} 0-1

[Event "26th Guillermo Garcia Open"]
[Site "Santa Clara CUB"]
[Date "2017.05.16"]
[Round "1.8"]
[White "Marrero Castellanos,Roisbel"]
[Black "Fernandez Rivero,Karla July"]
[Result "1-0"]
[WhiteElo "2307"]
[BlackElo "2083"]

1.c4 Nf6 2.Nc3 c5 3.g3 Nc6 4.Bg2 e5 5.d3 Be7 6.e3 d6 7.Nge2 Be6 8.f4 Qd7 9.h3
h5 10.Nd5 O-O 11.Nec3 g6 12.Nxe7+ Qxe7 13.O-O e4 14.dxe4 Bxc4 15.Rf2 Rfe8
16.b3 Ba6 17.Bb2 Nb4 18.Rd2 Rad8 19.a3 Nc6 20.Kh2 Na5 21.Nd5 Nxd5 22.Rxd5 b5
23.Qd2 Nb7 24.Qc3 f6 25.Qxf6 Qxf6 26.Bxf6 Rc8 27.Rad1 Re6 28.Bc3 Rce8 29.e5
dxe5 30.Rd7 R6e7 31.Bxe5 c4 32.bxc4 bxc4 33.Rxe7 Rxe7 34.Bd5+ Kf8 35.e4 Rd7
36.Bc3 Ke7 37.Bb4+ Kf6 38.e5+ {#r} 1-0

[Event "26th Guillermo Garcia Open"]
[Site "Santa Clara CUB"]
[Date "2017.05.16"]
[Round "1.9"]
[White "Fundora Zamora,Yoisel"]
[Black "Fuentes,F"]
[Result "0-1"]
[WhiteElo "2062"]
[BlackElo "2301"]

1.e4 c5 2.Nf3 d6 3.c3 Nf6 4.Bd3 g5 5.Bc2 g4 6.Ng1 Nc6 7.Ne2 d5 8.exd5 Qxd5
9.O-O b6 10.d4 e6 11.Be3 cxd4 12.cxd4 Bb7 13.Nbc3 Qd7 14.Bg5 Be7 15.Bxf6 Bxf6
16.d5 exd5 17.Nxd5 Be5 18.Ng3 Rd8 19.Ne3 Qxd1 20.Raxd1 Nd4 21.Bd3 h5 22.Rfe1
Kf8 23.Nc4 Bf6 24.Be4 Bc8 25.Ne3 Be6 26.b3 Kg7 27.Rc1 Be5 28.Nc4 Bf4 29.Rcd1
h4 30.Nf1 f5 31.Bb1 Kf6 32.Rd3 Rd7 33.Red1 Rhd8 34.Nfe3 b5 35.Na3 a6 36.R1d2
Be5 37.Kh1 f4 38.Nf1 h3 39.gxh3 Bd5+ 40.f3 Bxf3+ 41.Kg1 gxh3 42.Kf2 Bg4 43.Rc3
Bb8 44.Nc2 Ba7 {#R} 0-1

[Event "26th Guillermo Garcia Open"]
[Site "Santa Clara CUB"]
[Date "2017.05.16"]
[Round "1.11"]
[White "Palmero Martinez,Rachel"]
[Black "Campos Jimenez,Augusto Cesar"]
[Result "1-0"]
[WhiteElo "2040"]
[BlackElo "2283"]

1.e4 c5 2.Nf3 d6 3.d4 cxd4 4.Nxd4 Nf6 5.Nc3 a6 6.Bg5 Nbd7 7.g4 e6 8.Qf3 Ne5
9.Qg3 Nexg4 10.O-O-O Qa5 11.f4 h6 12.Bxf6 Nxf6 13.e5 dxe5 14.fxe5 Nd7 15.Nxe6
fxe6 16.Qg6+ Ke7 17.Bh3 Qxe5 18.Nd5+ Kd8 19.Bxe6 Bc5 20.Kb1 Re8 21.Bf7 Re7
22.Rhf1 b5 23.Qh7 Nf8 24.Nxe7+ Kxe7 25.Qd3 Ne6 26.Qf3 Rb8 27.Bh5 Qf6 28.Qg3
Qg5 29.Rf7+ Ke8 30.Rf5+ {#r} 1-0

[Event "26th Guillermo Garcia Open"]
[Site "Santa Clara CUB"]
[Date "2017.05.16"]
[Round "1.12"]
[White "Lopez Gari,O"]
[Black "Guerra De La Rosa,Nilo Antonio"]
[Result "1-0"]
[WhiteElo "2278"]
[BlackElo "2008"]

1.d4 d5 2.c4 c6 3.Nf3 Nf6 4.Nc3 e6 5.cxd5 exd5 6.Bg5 Be7 7.Qc2 Nbd7 8.e3 Nf8
9.Bd3 Ne6 10.Bh4 g6 11.O-O O-O 12.Rab1 b6 13.Ne5 Bb7 14.Qa4 b5 15.Qb3 a6
16.Ne2 c5 17.dxc5 Nxc5 18.Qd1 Nfd7 19.Bxe7 Qxe7 20.Nxd7 Qxd7 21.Rc1 Ne6 22.Bb1
Rac8 23.Qd3 Rxc1 24.Rxc1 Rc8 25.Rd1 Qe7 26.a3 Qg5 27.Nd4 Qf6 28.Ba2 Nxd4
29.exd4 Qf5 30.Bb3 Qg4 31.Re1 Qd7 32.Qe3 Qd6 33.h4 Qf6 34.Qe7 Qb6 35.h5 Bc6
36.Qf6 Qd8 37.Re7 Qf8 38.Ra7 gxh5 39.Rxa6 Bb7 40.Rd6 Qg7 41.Qxg7+ Kxg7 42.Bxd5
Rc1+ 43.Kh2 {#r} 1-0

[Event "26th Guillermo Garcia Open"]
[Site "Santa Clara CUB"]
[Date "2017.05.17"]
[Round "2.1"]
[White "Martinez Ramirez,L"]
[Black "Pampren,V"]
[Result "0-1"]
[WhiteElo "2392"]
[BlackElo "2241"]

1.e4 d6 2.d4 Nf6 3.Nc3 g6 4.Nf3 Bg7 5.Be2 O-O 6.O-O Bg4 7.Be3 Nfd7 8.b4 c5
9.b5 cxd4 10.Bxd4 Bxd4 11.Qxd4 Nf6 12.Nd1 Nbd7 13.Ne3 Bxf3 14.Bxf3 Qb6 15.Qxb6
axb6 16.e5 Nxe5 17.Bxb7 Ra7 18.Ba6 Nc6 19.a4 Na5 20.Rfd1 Rd8 21.Ra3 Rc7 22.g4
h6 23.Rdd3 d5 24.h4 e6 25.f3 Nd7 26.Rd4 Nc5 27.c4 Nab3 28.Rd1 d4 29.Nc2 e5
30.Nb4 Na5 31.Ra2 Nxc4 32.Nc6 Rxc6 33.bxc6 Nxa6 34.Rc1 Ne3 35.Kf2 Nd5 36.Rb2
Nac7 37.Ra1 Rd6 38.Rc1 Kf8 39.a5 bxa5 40.Ra2 Nb4 41.Ra3 Rxc6 42.Rxc6 Nxc6
43.Ke2 Nb5 44.Ra1 Ke7 45.Kd3 Kd6 46.Kc4 Nc3 47.Rf1 a4 48.f4 exf4 49.Rxf4 Ne5+
{#R} 0-1

[Event "26th Guillermo Garcia Open"]
[Site "Santa Clara CUB"]
[Date "2017.05.17"]
[Round "2.2"]
[White "Rodriguez Dosina,Adrian"]
[Black "Hernandez Gonzalez,W"]
[Result "0-1"]
[WhiteElo "2207"]
[BlackElo "2397"]

1.c4 c5 2.Nf3 Nf6 3.Nc3 d5 4.cxd5 Nxd5 5.e3 Nc6 6.a3 g6 7.Qc2 Bg7 8.Be2 O-O
9.O-O e5 10.Rb1 Nxc3 11.dxc3 e4 12.Nd2 f5 13.b4 Qe7 14.bxc5 Qxc5 15.c4 Qe7
16.c5 Rd8 17.Bb2 Ne5 18.Bd4 Be6 19.Qc3 Bd5 20.Rfd1 Rac8 21.Nc4 Bxc4 22.Bxc4+
Kh8 23.Bb5 g5 24.Qc2 h5 25.Bxe5 Bxe5 26.Rxd8+ Rxd8 27.Bf1 Rc8 28.Rb5 a6 29.Rb1
Rxc5 30.Rxb7 Bxh2+ 31.Kh1 Rxc2 32.Rxe7 Rxf2 33.Bc4 Bd6 34.Rd7 Bg3 35.Kg1 Rc2
36.Bxa6 Rc1+ 37.Bf1 f4 38.exf4 e3 39.Re7 gxf4 {#R} 0-1

[Event "26th Guillermo Garcia Open"]
[Site "Santa Clara CUB"]
[Date "2017.05.17"]
[Round "2.7"]
[White "Ruiz,Lu"]
[Black "Marrero Castellanos,Roisbel"]
[Result "0-1"]
[WhiteElo "2193"]
[BlackElo "2307"]

1.d4 Nf6 2.c4 e6 3.Nf3 b6 4.Nc3 Bb4 5.Bg5 h6 6.Bh4 g5 7.Bg3 Ne4 8.Qc2 Bb7 9.e3
Bxc3+ 10.bxc3 d6 11.Bd3 f5 12.d5 Na6 13.Nd4 Nac5 14.f3 Nxd3+ 15.Qxd3 Nc5
16.Qc2 Qf6 17.dxe6 f4 18.Bf2 fxe3 19.Bxe3 O-O-O 20.O-O-O Nxe6 21.Rhe1 Ng7
22.Kb2 Qf7 23.Qa4 a6 24.Rd2 Rde8 25.Rde2 Re5 26.Bf2 Rhe8 27.Rxe5 dxe5 28.Nc2
e4 29.c5 exf3 30.Rxe8+ Qxe8 31.Qxe8+ Nxe8 32.gxf3 bxc5 33.Ne1 c4 34.Ka3 Nd6
35.Kb4 Kd7 36.Bg3 Ke6 37.Nc2 h5 38.Ne3 Bxf3 39.Nxc4 h4 40.Be1 Nxc4 41.Kxc4
Bd5+ 42.Kc5 Bxa2 43.Kc6 Bc4 44.Bd2 Kf5 45.Kxc7 a5 46.Kc6 a4 47.Bc1 g4 48.Kc5
g3 {#R} 0-1

[Event "26th Guillermo Garcia Open"]
[Site "Santa Clara CUB"]
[Date "2017.05.17"]
[Round "2.9"]
[White "Obregon Garcia,Roxangel"]
[Black "Lopez Gari,O"]
[Result "1-0"]
[WhiteElo "2185"]
[BlackElo "2278"]

1.e4 e6 2.d4 d5 3.e5 c5 4.c3 Nc6 5.Nf3 Bd7 6.Be2 f6 7.O-O Qc7 8.Bf4 h6 9.Bg3
f5 10.h4 O-O-O 11.c4 dxc4 12.d5 exd5 13.Qxd5 b5 14.e6 f4 15.exd7+ Rxd7 16.Qf5
Bd6 17.Bh2 Nge7 18.Qe6 g5 19.Nc3 a6 20.Ne4 {#r} 1-0

[Event "26th Guillermo Garcia Open"]
[Site "Santa Clara CUB"]
[Date "2017.05.17"]
[Round "2.10"]
[White "Manuel,L"]
[Black "Palmero Martinez,Rachel"]
[Result "0-1"]
[WhiteElo "2266"]
[BlackElo "2040"]

1.d4 Nf6 2.Nc3 g6 3.e4 d6 4.f4 Bg7 5.Nf3 O-O 6.Be2 c5 7.Be3 Ng4 8.Bg1 cxd4
9.Nxd4 Nf6 10.Be3 Nc6 11.Qd2 Bd7 12.O-O Rc8 13.h3 Na5 14.Rad1 Nc4 15.Bxc4 Rxc4
16.e5 Ne8 17.Nf3 Be6 18.Nd5 Bxd5 19.Qxd5 Rxc2 20.Qxb7 Qc7 21.Qb3 Qc4 22.Qxc4
Rxc4 23.Bxa7 Rxf4 24.Bd4 dxe5 25.Bxe5 Rxf3 26.Rxf3 Bxe5 27.b4 Nd6 28.a4 Rc8
29.Rb3 Rc4 30.a5 Bd4+ 31.Kf1 Nb5 32.g4 e5 33.Rd2 e4 34.a6 e3 35.Ra2 Ba7 36.Ra1
e2+ 37.Ke1 Nd4 38.Rbb1 Nc2+ 39.Kxe2 Nxa1 40.b5 Ra4 41.Kd3 Bb6 {#R} 0-1

[Event "26th Guillermo Garcia Open"]
[Site "Santa Clara CUB"]
[Date "2017.05.17"]
[Round "2.16"]
[White "Armas Alfonso,G"]
[Black "Leon Valdes,J"]
[Result "0-1"]
[WhiteElo "2054"]
[BlackElo "2374"]

1.e4 e6 2.d3 d5 3.Nd2 c5 4.Ngf3 Nc6 5.g3 Bd6 6.Bg2 Nge7 7.O-O O-O 8.Re1 Bc7
9.c3 d4 10.Nb3 b6 11.e5 dxc3 12.bxc3 Ba6 13.d4 cxd4 14.cxd4 Qd7 15.Ba3 Rfd8
16.Qc2 h6 17.Rac1 Rac8 18.d5 exd5 19.e6 Qe8 20.exf7+ Qxf7 21.Bh3 Qxf3 22.Re3
Qf6 23.Bxc8 Rxc8 24.Rce1 Qf5 25.Qc3 d4 26.Nxd4 Nxd4 27.Qxd4 Ng6 28.Bb2 Be5
29.Qd5+ Kh7 30.Bxe5 Rc5 31.Qd4 Qf7 32.Qd6 Rc2 33.Bf4 Qxa2 34.Ra3 Qc4 35.Qe6
Qxe6 36.Rxe6 Bb7 37.Be3 Rb2 38.Kf1 Bc8 39.Rc6 Bh3+ 40.Ke1 Ne5 41.Rc7 Bg4
42.Raxa7 Nd3+ 43.Kf1 Bh3+ {#R} 0-1

[Event "26th Guillermo Garcia Open"]
[Site "Santa Clara CUB"]
[Date "2017.05.17"]
[Round "2.19"]
[White "Bueno Gauna,C"]
[Black "Lavigne Lopez,Raul Leonardo"]
[Result "0-1"]
[WhiteElo "2160"]
[BlackElo "2153"]

1.e4 e6 2.Nf3 c5 3.d4 cxd4 4.Nxd4 Qb6 5.Nb3 a6 6.Be3 Qc7 7.N1d2 Nf6 8.f4 d6
9.Bd3 Nbd7 10.Qf3 Be7 11.O-O-O b5 12.g4 Nb6 13.g5 Nfd7 14.Rhf1 Nc4 15.Bd4 e5
16.Bc3 O-O 17.Bxc4 bxc4 18.Na5 exf4 19.e5 Nb6 20.exd6 Bxd6 21.Ndxc4 Nxc4
22.Nxc4 Qxc4 23.Qxa8 Bg4 24.Qd5 Qxd5 25.Rxd5 Bb8 26.Bd2 Be2 27.Rf2 f3 28.Bb4
Re8 29.b3 h5 30.c4 Kh7 31.Bd6 Kg6 32.Bxb8 Rxb8 33.Kd2 h4 34.c5 f5 35.gxf6 Kxf6
36.Kc3 g5 37.h3 Rg8 38.Rd4 Ke6 {#R} 0-1

[Event "6th Llucmajor Open 2017"]
[Site "Llucmajor ESP"]
[Date "2017.05.16"]
[Round "4.3"]
[White "Almagro Llamas,P"]
[Black "Kunin,V"]
[Result "0-1"]
[WhiteElo "2456"]
[BlackElo "2551"]

1.e4 d6 2.d4 Nf6 3.Nc3 e5 4.Nf3 Nbd7 5.Bc4 Be7 6.O-O O-O 7.a4 c6 8.Re1 exd4
9.Nxd4 Ne5 10.Ba2 Re8 11.h3 Bd7 12.f4 Ng6 13.Nf3 Be6 14.Bxe6 fxe6 15.Be3 d5
16.exd5 exd5 17.f5 Nf8 18.Bd4 Qa5 19.Qd2 Bc5 20.Bxc5 Qxc5+ 21.Qd4 N8d7 22.b4
Qd6 23.Ng5 a5 24.bxa5 Qc5 25.Qxc5 Nxc5 26.Rxe8+ Rxe8 27.Rb1 Ra8 28.Ne6 Nfd7
29.Nxc5 Nxc5 30.Kf2 Rxa5 31.Rb4 Kf7 32.Ke3 Kf6 33.Kf4 g5+ 34.fxg6 hxg6 35.h4
Ne6+ 36.Kg4 Rc5 37.Nd1 Rxc2 38.Rxb7 Rxg2+ 39.Kf3 Ra2 40.Ne3 Ke5 41.Rb4 Nd4+
42.Kg4 Re2 43.Nd1 Rg2+ 44.Kh3 Rd2 {#R} 0-1

[Event "6th Llucmajor Open 2017"]
[Site "Llucmajor ESP"]
[Date "2017.05.16"]
[Round "4.6"]
[White "Hera,I"]
[Black "Milliet,S"]
[Result "1-0"]
[WhiteElo "2618"]
[BlackElo "2347"]

1.d4 Nf6 2.c4 e6 3.Nf3 d5 4.Nc3 Bb4 5.cxd5 exd5 6.Bg5 h6 7.Bh4 c5 8.dxc5 Nc6
9.e3 g5 10.Bg3 Ne4 11.Rc1 Qa5 12.Bd3 Nxc3 13.bxc3 Bxc3+ 14.Kf1 Bb2 15.Rb1 Bf6
16.Bd6 Qxa2 17.h4 g4 18.Nd4 Nxd4 19.exd4 Kd8 20.Qc1 Be6 21.Qf4 Bg7 22.Bb8 Qa5
23.Rxb7 Kc8 24.Rb6 Qxb6 25.cxb6 Rxb8 26.Qc7# 1-0

[Event "6th Llucmajor Open 2017"]
[Site "Llucmajor ESP"]
[Date "2017.05.16"]
[Round "4.7"]
[White "Souleidis,G"]
[Black "Fridman,D"]
[Result "0-1"]
[WhiteElo "2408"]
[BlackElo "2605"]

1.e4 c6 2.d4 d5 3.e5 Bf5 4.h4 c5 5.dxc5 Nc6 6.Nf3 e6 7.Be3 Nh6 8.c3 Ng4 9.Bd4
f6 10.Bb5 fxe5 11.Nxe5 Nxe5 12.Bxe5 Bxc5 13.Qh5+ Bg6 14.Bxc6+ bxc6 15.Qg4 O-O
16.f4 Rf7 17.Nd2 Qb6 18.O-O-O Qa6 {#R} 0-1